| 000 | 01163nam0a2200313 4500 | ||
|---|---|---|---|
| 001 | RU\NLR\bibl\539185 | ||
| 005 | 20260406064759.0 | ||
| 010 |
_a5-7905-2515-6 _915000 |
||
| 021 |
_aRU _b2004-33129 _91664 |
||
| 035 | _a(NLR Aleph) 000531441 | ||
| 090 |
_a1355663 _c1355663 |
||
| 100 | _a20040712d2004 |||y0rusy50 ca | ||
| 101 | 0 | _arus | |
| 102 | _aRU | ||
| 105 | _aa ||||||||| | ||
| 200 | 1 |
_aЛечение лимоном _fЮлия Савельева |
|
| 210 |
_aМ. _cРипол Классик _d2004 |
||
| 215 |
_a62, [1] с. _cил. _d20 |
||
| 225 | 1 | _aЗдоровье и красота | |
| 300 | _aНа обл. авт. не указан | ||
| 300 | _aВ вып. дан. загл. сер.: Серия "Красота и здоровье" | ||
| 606 | 0 |
_aЛимоны _xЛечебное применение _92081042 _3RU\NLR\auth\661256999 |
|
| 686 | _aР282.111 Лимон | ||
| 700 | 1 |
_4070 _8rus _7ca _aСавельева _bЮ. В. _cспециалист по народ. медицине _gЮлия В. _3RU\NLR\auth\7724122 _97174 |
|
| 801 | 0 |
_aRU _bNLR _c20040712 _gPSBO |
|
| 801 | 1 |
_aRU _bNLR _c20040712 |
|
| 942 | _cBOOK | ||
| 980 | _aNB | ||